A declaration of the knights and gentry in the county of Dorset : VVho were in his late Majesties army.

Bibliographic Details
Format: eBook
Language:English
Published: London : [publisher not identified], printed in the year 1660.
Series:Early English books online.
Subjects:
Online Access:Connect to the full text of this electronic book

MARC

Tag First Indicator Second Indicator Subfields
LEADER 00000nam a2200000Ia 4500
001 in00004323948
005 20200812085539.0
006 m g d
007 cr bn |||a|bb|
008 940830s1660 enk o 00| | eng d
035 |a (UnM)99897909 
037 |a CL0037000107  |b ProQuest Information and Learning. 300 N. Zeeb Rd., Ann Arbor, MI 48106 
040 |a Cu-RivES  |c Cu-RivES  |d CStRLIN  |d Cu-RivES  |e dcrb  |d WaOLN 
245 0 2 |a A declaration of the knights and gentry in the county of Dorset :  |b VVho were in his late Majesties army. 
260 |a London :  |b [publisher not identified],  |c printed in the year 1660. 
300 |a 1 online resource (1 sheet ([1] pages) 
336 |a text  |b txt  |2 rdacontent 
337 |a computer  |b c  |2 rdamedia 
338 |a online resource  |b cr  |2 rdacarrier 
500 |a Signed: Sir Hugh Windham [and 40 others]. 
500 |a Annotation on Thomason copy: "April 16". 
500 |a Reproduction of original in the Bodleian Library, Oxford, England. 
510 4 |a Wing (CD-ROM, 1996)  |c D696 
510 4 |a Thomason  |c 669.f.24[66] 
533 |a Electronic reproduction.  |b Ann Arbor, Mich. :  |c UMI,  |d 1999-  |f (Early English books online)  |n Digital version of: (Early English books, 1641-1700 ; 2554:3)  |7 s1999 miun s 
600 1 0 |a Albemarle, George Monck,  |c Duke of,  |d 1608-1670  |v Early works to 1800. 
650 0 |a Monarchy  |z Great Britain  |v Early works to 1800. 
655 7 |a Broadsides  |z England  |z London  |2 rbgenr 
650 0 |a Royalists  |z England  |x History  |y 17th century  |v Early works to 1800. 
651 4 |a Great Britain  |x History  |y Commonwealth and Protectorate, 1649-1660  |v Early works to 1800. 
651 4 |a Poole (England : County)  |v Early works to 1800. 
830 0 |a Early English books online. 
856 4 0 |u http://proxy.library.tamu.edu/login?url=https://search.proquest.com/docview/2248512332  |z Connect to the full text of this electronic book  |t 0 
999 f f |s 70f48b46-b3ad-3f2a-843e-39601819d9ba  |i 32a77537-923f-3890-902a-bfe5e4e0f4b1  |t 0 
952 f f |a Texas A&M University  |b College Station  |c Electronic Resources  |d Available Online  |t 0  |h No information provided 
998 f f |t 0  |l Available Online